Quản lý hoạt động giáo dục bản sắc văn hoá dân tộc Khmer cho học sinh tại các trường PT Dân tộc nội trú khu vực Nam Sông Hậu Luận văn thạc sĩ khoa học Quản lí giáo dục. Chuyên ngành: Quản lí giáo dục . Mã số: 8 14 01 14

Wedi'i Gadw mewn:
Manylion Llyfryddiaeth
Prif Awdur: Nguyễn, Văn Triệu
Awduron Eraill: Phan, Trọng Nam (Hướng dẫn)
Fformat: Cit Llyfr
Iaith:Vietnamese
Cyhoeddwyd: Đồng Tháp Đại học Đồng Tháp 2018
Pynciau:
Tagiau: Ychwanegu Tag
Dim Tagiau, Byddwch y cyntaf i dagio'r cofnod hwn!
Thư viện lưu trữ: Trung tâm Học liệu Lê Vũ Hùng, Trường Đại học Đồng Tháp
LEADER 01261ppm a22002658a 4500
001 00043190
005 20181114141159.0
008 170627s2017 ||||||viesd
041 0 # |a vie 
082 1 4 |b QU105L  |a 373.12 
100 1 # |a Nguyễn, Văn Triệu 
245 0 0 |a Quản lý hoạt động giáo dục bản sắc văn hoá dân tộc Khmer cho học sinh tại các trường PT Dân tộc nội trú khu vực Nam Sông Hậu  |b Luận văn thạc sĩ khoa học Quản lí giáo dục. Chuyên ngành: Quản lí giáo dục . Mã số: 8 14 01 14  |c Nguyễn Văn Triệu ; Phan Trọng Nam (hướng dẫn) 
260 # # |a Đồng Tháp  |b Đại học Đồng Tháp  |c 2018 
300 # # |a 117 tr.  |c 30 cm. 
500 # # |a ĐTTS ghi: Bộ giáo dục và đào tạo. Trường Đại học Đồng tháp 
653 # # |a Luận Văn 
653 # # |a dan tộc Khmer 
653 # # |a Văn hóa 
653 # # |a Nam sông Hậu 
653 # # |a Quản lí giáo dục 
653 # # |a THPT 
700 1 # |a Phan, Trọng Nam  |e Hướng dẫn 
852 # # |j LV.0001965  |j LV.0001864 
910 0 # |d 14/11/2018 
980 # # |a Trung tâm Học liệu Lê Vũ Hùng, Trường Đại học Đồng Tháp